| 000 | 00589nam a2200193Ia 4500 | ||
|---|---|---|---|
| 005 | 20250508152643.0 | ||
| 008 | 008 250505s9999 xx 000 0 eng d | ||
| 037 | _aReference | ||
| 040 |
_aFEDL _beng _cFEDL |
||
| 041 |
_aeng _2eng |
||
| 084 |
_a370.1, HUG _qFEDL |
||
| 100 |
_aHughes A G _9629161 |
||
| 245 | 0 | _aEducation some fundamental problems: A discussion book for students of education | |
| 260 |
_aLondon, UK _bLongmans, Green and Co. _c1960 |
||
| 300 | _avii,296p. | ||
| 700 |
_a Hughes E H _9762067 |
||
| 942 |
_cREF _h370.1, HUG |
||
| 999 |
_c1337828 _d1337828 |
||